000 00546nam a22001930a 4500
001 PT33725
003 AR-LpoUNG
005 20210131230127.0
008 191001suuuu||||xxu|||||||||||||||||por d
040 _aAR-LpoUNG
_bspa
_cAR-LpoUNG
_eaacr
041 _apor
082 0 _a334.01 431sol
100 1 _aThielen, Helmut
245 1 0 _aA solidão do terceiro mundo :
_bpara um desenvolvimento autônomo das regiões do hemisfério sul
260 _as.l.
_bUnisinos,
_cs.f.
700 1 _aBernsmüller, Dankwart
_etr.
905 _a33725
942 _cLIB
999 _c1587
_d1587